| 000 | 01690nam a22004217a 4500 | ||
|---|---|---|---|
| 001 | 115 | ||
| 003 | FISKH | ||
| 005 | 20241101105051.0 | ||
| 008 | 230228b cb ||||| |||| 00| 0 eng d | ||
| 010 | _a 2003049939 | ||
| 020 | _a0152047190 | ||
| 020 | _a0152047182 (pbk. : alk. paper) | ||
| 040 |
_aDLC _cDLC _dDLC _dFISKH _beng |
||
| 042 | _alcac | ||
| 050 | 0 | 0 |
_aPZ7.S72 _bMi 2003 |
| 082 | 0 | 0 |
_a823.91 _221 |
| 100 | 1 |
_aSorensen, Virginia _d1912-1991 |
|
| 245 | 1 | 0 |
_aMiracles on Maple Hill / _cVirginia Sorensen ; illustrated by Beth and Joe Krush. |
| 250 | _aFirst Scholastic printing, September 1989 | ||
| 260 |
_aNew York : _bScholastic, _c2003 |
||
| 300 |
_a180 pages : _billustrations ; _c20 cm. |
||
| 500 | _a"An Odyssey/Harcourt young classic." | ||
| 505 | _aM | ||
| 520 | _aAfter her father returns from the war moody and tired, Marly's family decides to move from the city to Maple Hill Farm in the Pennsylvania countryside where they share many adventures which help restore their spirits and their bond with each other. | ||
| 521 | 8 |
_a750 _bLexile |
|
| 521 | 8 |
_aM _bRaz-Plus |
|
| 586 | _aNewbery Medal, 1957. | ||
| 650 | 1 |
_aMoving, Household _vFiction. |
|
| 650 | 1 |
_aFamily problems _vFiction. |
|
| 650 | 1 |
_aCountry life _zPennsylvania _vFiction. |
|
| 651 | 1 |
_aPennsylvania _xHistory _y20th century _vFiction. |
|
| 700 | 1 |
_aKrush, Beth, _eill. |
|
| 700 | 1 |
_aKrush, Joe _eillustrator |
|
| 856 | 4 | 2 |
_3Contributor biographical information _uhttp://www.loc.gov/catdir/bios/har051/2003049939.html |
| 856 | 4 | 2 |
_3Publisher description _uhttp://www.loc.gov/catdir/description/har051/2003049939.html |
| 906 |
_a7 _bcbc _corignew _d1 _eocip _f20 _gy-gencatlg |
||
| 942 |
_2ddc _cBK _n0 |
||
| 999 |
_c115 _d115 |
||